| 000 | 00658nam a2200169 a 4500 | ||
|---|---|---|---|
| 008 | 110906s1970 ||||||||||||||||| || u | ||
| 020 | _a0721688659 | ||
| 050 | _aRB 40 Fun | ||
| 100 | _aTietz, Norbert W | ||
| 245 | 1 | 0 |
_aFundamentals of clinical chemistry _cedited by Norbert W. Tietz |
| 260 |
_aPhiladelphia: _bW. B. Saunders _c1970 |
||
| 300 | _axxi, 983p.: ill. | ||
| 350 | _a0.00 | ||
| 650 | 0 | _aCLINICAL CHEMISTRY | |
| 650 | 0 | _aCHEMISTRY--HANDBOOKS, MANUALS, ETC | |
| 995 |
_aMEDICAL LIBRARY OPEN ACCESS _D0.00 _e900981 _FCBU-SCHOOL OF MEDICINE LIBRARY (Ndola) _H1 _I0.00 _jRB 40 FUN _M1 _UAVAILABLE _WNov 7, 2011 _y900981 _ZMedical Library Open Access Collection |
||
| 999 |
_c31479 _d31479 |
||